Quizzes
Events
Quiz Creation
Community
Videos
Private Events
Remove Ads
Sign In
Join for FREE
Feedback
Dark Mode
Quiz Categories
Sports
Geography
Music
Movies
Television
Just For Fun
Miscellaneous
History
Literature
Language
Science
Gaming
Entertainment
Religion
Holiday
For Kids
Quiz Lab
Recent
Popular Today
Quiz Kudos Today
Editor Picks
Curator Picks
Quizzes by...
Day
Popularity
Type
Ratings
Length
Year
Community
Subscriptions
Recent Discussions
Orange Saloon
Badges
Playlists
Quests
Create
Leaderboards
Showdown
Live 5
Trivia Bingo
Activity
Puzzle Library
Sporcle Events
Private Events
Virtual Trivia
Globe League
Become a Host
Pub Owners
SporcleCon
Opinionation
Our Games
Videos
Blog
Mobile Apps
Partnerships
Remove Ads and Go Orange
Feedback
Sports
Athletes
MLB
NBA
NHL
NFL
Soccer
Sports Teams
WWE
NCAA
Football
Premier League
Basketball
Baseball
Hockey
Golf
Tennis
Cricket
Rugby
Auto Racing
Olympics
World Cup
Sports
Athletes
MLB
NBA
NHL
NFL
Soccer
Sports Teams
WWE
NCAA
Football
Premier League
Basketball
Baseball
Hockey
Golf
Tennis
Cricket
Rugby
Auto Racing
Olympics
World Cup
Random Quiz
Search Sporcle
×
Quiz Lab
Quiz Lab
Sports
State
Type in answers that appear in a list
Type in answers that appear in a list
Classic
Best Score? Go Orange.
MLS Past, Present, and Future Stats
Can you name the Major League Soccer teams that were ever or will someday be in existance?
By
x__
7m
39 Questions
1,321 Plays
1,321 Plays
1,321 Plays
Comments
Comments
Give Quiz Kudos
Give Quiz Kudos
-
- Ratings
hide this ad
Replay
Link that replays current quiz
Next Quiz
Link to next quiz in quiz playlist
You Got
0%
They Got
Avg Score
65%
Avg Friend Score
Upgrade to see
Score Distribution
Jump to the score distribution portion of the page
Score
0/39
Timer
07:00
0
Plays Today
Team Status
Team Name
% Correct
League Original
Los Angeles Galaxy
93.8%
2009 Expansion team
Seattle Sounders FC
90.9%
League Original, new identity
New York Red Bulls
89.6%
League Original
Columbus Crew SC
88.3%
League Original
D.C. United
88.2%
1998 Expansion team
Chicago Fire
88.1%
2011 Expansion team
Portland Timbers
87.5%
2015 Expansion team, second team in city
New York City Football Club
87.1%
2006 Relocation team
Houston Dynamo
86.6%
League Original and 2008 Expansion team, new identity
San Jose Earthquakes
85.9%
League Original
New England Revolution
84.4%
2018 Expansion team, second team in city
Los Angeles Football Club
84.1%
2017 Expansion team
Atlanta United FC
84%
2007 Expansion team
Toronto FC
83.9%
2011 Expansion team
Vancouver Whitecaps FC
83.6%
League Original, new identity
FC Dallas
82.5%
2005 Expansion team, no longer exists
Club Deportivo Chivas USA
81.8%
2017 Expansion team
Minnesota United FC
81.5%
2005 Expansion team
Real Salt Lake
81.2%
League Original, second new identity
Sporting Kansas City
81.1%
Team Status
Team Name
% Correct
2020 Expansion team, second time in city
Club Internacional de Fútbol Miami
80.1%
League Original
Colorado Rapids
79.4%
2010 Expansion team
Philadelphia Union
78.8%
2012 Expansion team
Montreal Impact
77.5%
2015 Expansion team
Orlando City SC
77%
League Original, initial name
Kansas City Wiz
76.2%
2019 Expansion team
FC Cincinnati
76.1%
2020 Expansion team
Nashville Soccer Club
73.5%
League Original, initial name
New York/New Jersey MetroStars
70.1%
2021 Expansion team
Austin FC
69.4%
1998 Expansion team, no longer exists
Miami Fusion F.C.
69%
League Original, no longer exists
Tampa Bay Mutiny
67.1%
League Original, initial name
Dallas Burn
64%
2012 Expansion team, new identity
CF Montréal
58.6%
2022 Expansion team
Charlotte FC
55.8%
League Original, new identity
Kansas City Wizards
50.5%
2025 Expansion team
San Diego
50%
2023 Expansion team
St. Louis CITY SC
44.7%
League Original, initial name, had hiatus
San Jose Clash
42.4%
Quiz Playlist
Details
Report
Send in Message
Add To Playlist
Classic:
Type in answers that appear in a list
Last Updated: May 29, 2023
Quiz Scoreboard
CHALLENGE
Sign Up to Join the Scoreboard
Show All
Scores
Hide
Comments
May contain spoilers
Recently Published
Presidents Visiting Landmarks
by Hejman
History
7m
An Introduction to Baseball
by treessimontrees
Sports
5m
Movies - When Are They Set?
by FPL_Elf
Movies
5m
More to Explore
Quiz From the Vault
Featured Blog Post
Where Did the Easter Bunny Come From?
hide this ad
You Might Also Like...
Tags
Soccer Quiz
State Quiz
Ever
future
League
major
Major League
MLS
past
present
team
Today's Top Quizzes in Sports
Browse Sports
hide this ad
Today's Top Quizzes in State
Browse State
Top Contributed Quizzes in Sports
1
Les meilleurs buteurs des matchs entre le PSG et l’OM
2
2022 World Cup Stars
3
FIFA Club World Cup Champions
4
Les entraîneurs de l'OM et du PSG au 21e siècle
5
Name the Premier League winners with different clubs
6
La finale Lions - Afrique du Sud 2021
7
England Test cricketers to play under Nasser Hussain
8
5-to-1: UK Sports Teams
9
Les joueurs passés par le LOSC et le RC Lens
10
Criteria MLB: Left Handed Sluggers
Explore More
Trending Topics
NBA
Kpop
Crossword
Harry Potter
Disney
Marvel
Anime
Pokémon
Puzzle
The Office
Country
WWE
Song
Soccer
NFL
hide this ad
More By:
x__
Quiz
Plays
Rating
Category
Featured
Created
MLS Past, Present, and Future
1,321
4.67
Sports
Jul 1, 2010
Common Plural Nouns
459
3.71
Language
Mar 22, 2010
Movie 3s Multiplication Table
261
3.00
Movies
Nov 17, 2011
US Women's Soccer Leagues
250
5.00
Sports
Apr 15, 2013
Names in Movies
194
4.67
Movies
Dec 7, 2012
Go to Creator's Profile
Score Distribution
Quiz Creator Spotlight
x__
Follow
Send a Message
Quizzes Created
-
Created Quiz Play Count
-
More By This Creator
Popular Quizzes Today
1
Find the US States - No Outlines Minefield
2
Find the Countries of Europe - No Outlines Minefield
3
The Countries of the World
4
Find the US States
5
Popular People in 1961
6
US States
7
Risky Map Clicking: Biggest States A-Z
8
1-10 Letter E Words III
More Sports Quizzes
Bicycle Kick Goals
Curator's Pick
Trending Quizzes
Risky Map Clicking: Least Populous States A-Z
1-10 Letter G Words
1-10 Letter F Words
One Thing in Common: United Kingdom
Risky Map Clicking: Next State Alphabetically
Recently Updated
Leaping Animals
pecheneg
Reality TV Shows (A-Z)
bhenderson79
Rickey Henderson's Hall of Fame Teammates
pecheneg
Champions League XIs: Arsenal
pecheneg
Quick Pick: Celebrities in WWE's Hall of Fame
aduchscher
A-Z Keypad Blitz II
pecheneg
Multiple Oscar Actors
pecheneg
Mystery Phrase Blitz: Oscar 'Best Actors'
pecheneg
F. Scott Fitzgerald Novels
LTH
Pick 3 Villains
ddd62291
Trending Topics
Harry Potter
Kpop
Crossword
NBA
Anime
Marvel
Disney
WWE
Soccer
The Office
NFL
Pokémon
Country
Song
Puzzle
Your Account Isn't Verified!
In order to create a playlist on Sporcle, you need to verify the email address you used during registration. Go to your
Sporcle Settings
to finish the process.
Report this User
Report this user for behavior that violates our
Community Guidelines
.
Details:
Send Report
Go to the Sporcle.com Mobile Site →
Comments